| 000 | 00427nam a2200193Ia 4500 | ||
|---|---|---|---|
| 008 | 151121s9999||||xx |||||||||||||| ||und|| | ||
| 082 | _a212 /Ram | ||
| 082 | _bHNW-66651 | ||
| 100 | _a Ramdas | ||
| 245 | _aWorld Is God | ||
| 260 | _b"Bharatiya Vidya Bhavan," | ||
| 260 | _c-- | ||
| 300 | _a224 | ||
| 600 | _a Ramdas | ||
| 630 | _aWorld Is God | ||
| 700 | _a Ramdas | ||
| 730 | _aWorld Is God | ||
| 942 | _cBOOK | ||
| 999 |
_c1248148 _d1248145 |
||